Detalles MARC
| 000 -LÍDER |
| Campo fijo de descripción fija |
01413aam a2200337 4500 |
| 001 - NÚMERO DE CONTROL |
| Campo de control |
19482 |
| 003 - IDENTIFICADOR DEL NÚMERO DE CONTROL |
| Campo de control |
CO-MdFUSB |
| 005 - FECHA Y HORA DE LA ULTIMA TRANSACCIÓN |
| control field |
20180622072740.0 |
| 008 - ELEMENTOS DE LONGITUD FIJA -- INFORMACIÓN GENERAL |
| Campo fijo de descripción fija -- Información general |
170303t1966 enk||||g |||| 00| 0 eng d |
| 020 ## - NÚMERO INTERNACIONAL NORMALIZADO PARA LIBROS |
| Número Internacional Normalizado del libro |
334-00737-2 |
| 040 ## - FUENTE DE CATALOGACIÓN |
| Agencia de catalogación original |
CO-MdFUSB |
| Idioma de catalogación |
spa |
| Agencia que realiza la transcripción |
CO-MdFUSB |
| Agencia que realiza la modificación |
CO-MdFUSB |
| Convenciones de la descripción |
rda |
| 041 ## - CÓDIGO DE IDIOMA |
| Código de idioma para texto/pista de sonido o título separado |
eng |
| 082 ## - NÚMERO DE CLASIFICACIÓN DECIMAL DEWEY |
| Número de la edición del Dewey |
24 |
| Número de clasificación |
G 215 |
| Clave de autor-Numero de item |
B239i |
| 100 1# - ASIENTO PRINCIPAL--NOMBRE PERSONAL |
| Nombre personal |
Barbour, Ian G. |
| Término relacionador |
autor |
| 245 00 - TÍTULO |
| Título del Material |
Issues in science and religion |
| Mención de responsabilidad, etc. |
/ Ian G. Barbour |
| 264 #1 - PRODUCCIÓN, PUBLICACIÓN, DISTRIBUCIÓN, MANUFACTURA, Y COPYRIGHT |
| Lugar de producción, publicación, distribución, manufactura |
London : |
| Nombre del productor, publicador, distribuidor |
SCM Press, |
| Fecha de producción, publicación, distribución, manufactura, o copyright |
℗1966 |
| 264 #4 - PRODUCCIÓN, PUBLICACIÓN, DISTRIBUCIÓN, MANUFACTURA, Y COPYRIGHT |
| Fecha de producción, publicación, distribución, manufactura, o copyright |
©1966 |
| 300 ## - DESCRIPCIÓN FÍSICA |
| Extensión |
470 páginas |
| 336 ## - TIPO DE CONTENIDO |
| Fuente |
rdacontent |
| Término de tipo de contenido |
|
| Código de tipo de contenido |
|
| 337 ## - TIPO DE MEDIO |
| Fuente |
rdamedia |
| Nombre del tipo de medio |
|
| Código del tipo de medio |
|
| 338 ## - TIPO DE SOPORTE |
| Fuente |
rdacarrier |
| Nombre del tipo de soporte |
|
| Código Tipo de soporte |
|
| 501 ## - NOTA DE “CON” |
| Nota de Contenido |
Incluye índice (p. 464-470) |
| 505 00 - NOTA DE CONTENIDO |
| Nota de contenido con formato preestablecido |
Parte uno: Religión y la historia de ciencia - Física y metafísica en el siglo XVII - Naturaleza y Dios en el siglo XVIII - Biología y teología en el siglo XIX - Ciencia y religión en el siglo XX |
| 505 00 - NOTA DE CONTENIDO |
| Nota de contenido con formato preestablecido |
Parte dos: La religión y los métodos de la ciencia - Los métodos de la ciencia - Desde las ciencias a las humanidades - Los métodos de la religión - Las lenguas de la ciencia y la religión |
| 505 00 - NOTA DE CONTENIDO |
| Nota de contenido con formato preestablecido |
Parte tres: Religión y las teorías de la ciencia - Física y la indeterminación - La vida y la mente - Evolución y creación - Dios y la naturaleza |
| 540 ## - NOTA DE CONDICIONES DE USO Y REPRODUCCION |
| Términos que regulan el uso y reproducción |
Rústico |
| 650 #7 - ASIENTO SECUNDARIO DE MATERIA - TERMINO TEMÁTICO |
| 9 (RLIN) |
532 |
| Término temático o nombre geográfico como elemento de entrada |
Fe y razón |
| 650 #7 - ASIENTO SECUNDARIO DE MATERIA - TERMINO TEMÁTICO |
| 9 (RLIN) |
259 |
| Término temático o nombre geográfico como elemento de entrada |
Religión y ciencia |
| 942 ## - TIPO DE MATERIAL (KOHA) |
| Tipo de Item KOHA |
Libros General |